| 000 | 00592nam a2200169Ia 4500 | ||
|---|---|---|---|
| 008 | 090201s9999 xx 000 0 und d | ||
| 010 | _aKPL-48216 | ||
| 040 | _bमराठी | ||
| 041 | _aमराठी | ||
| 082 |
_a35173 _b48216 |
||
| 100 | _aप्रिया तेंडूलकर | ||
| 245 |
_aजन्मलेल्या प्रत्येकाला _cप्रिया तेंडूलकर |
||
| 260 |
_c2004 _bडींपल |
||
| 300 |
_a172 _bमोठा |
||
| 600 | _aजन्मलेल्या प्रत्येकाला | ||
| 942 | _cBOOK | ||
| 999 |
_c233317 _d233317 |
||